Ulysses

Đã lưu trong:
Sonraí Bibleagrafaíochta
Príomhúdar: J Joya
Formáid: Leabhar
Teanga:Undetermined
Foilsithe: New York The Modern Library 1992
Ábhair:
Clibeanna: Cuir Clib Leis
Gan Chlibeanna, Bí ar an gcéad duine leis an taifead seo a chlibeáil!
Thư viện lưu trữ: Trung tâm Học liệu Trường Đại học Cần Thơ
LEADER 00477nam a2200181Ia 4500
001 CTU_11177
008 210402s9999 xx 000 0 und d
082 |a 823.912 
082 |b J89 
100 |a J Joya 
245 0 |a Ulysses 
245 0 |c J Joya 
260 |a New York 
260 |b The Modern Library 
260 |c 1992 
650 |a english fiction - 20th century 
904 |i Nguyễn Quang Điền, 961016 
980 |a Trung tâm Học liệu Trường Đại học Cần Thơ